000 01478nam a2200217 a 4500
001 001124937
003 AM-YeHGA
005 20250617151951.0
008 160120s1973 ru ||||gr|||||||||0|rus|d
040 _aAM-YeHGA
041 0 _arus
245 0 0 _aГеология Монгольской Народной Республики :
_b[В 3-х т.] /
_cГл. ред.: Н.А. Маринов ; Науч.-исслед. лаб. геологии зарубеж. стран.
260 _aМосква :
_bНедра,
_c1973-
300 _aтом.
505 0 0 _gТ. 1 (1973; 583 с., 4 л. черт.) :
_tСтратиграфия /
_rОтв. ред. Н.А. Маринов, Л.П. Зоненшайн, В.А. Благонравов ;
_gТ. 2 (1973; 751 с., 4 отд. л. схем., ил.) :
_tМагматизм, метаморфизм, тектоника /
_rОтв. ред. Р.А. Хасин, Ю.А. Борзаковский, Л.П. Зоненшайн ;
_gТ. 3 (1977; 703 с., 4 отд. л. схем., карт : ил.) :
_tПолезные ископаемые /
_rОтв. ред. Н.А. Маринов, Р.А. Хасин и др.
650 1 4 _aГеология
_zМонгольская Народная Республика
700 1 _aМаринов, Николай Александрович
_eред.
_4edt
710 2 _aНаучно-исследовательская лаборатория геологии зарубежных стран
942 _2udc
_cBK
090 _c363338
999 _c361494
_d361494